[Event "TCh-CHN 2018"]
[Site "China CHN"]
[Date "2018.11.27"]
[Round "19.3"]
[Board "2"]
[White "Xu, Xiangyu"]
[Black "Inarkiev, Ernesto"]
[Result "1/2-1/2"]
[WhiteTitle "GM"]
[BlackTitle "GM"]
[WhiteElo "2565"]
[BlackElo "2693"]
[WhiteTeam "Chengdu Beilei Youth Chess Club"]
[BlackTeam "Hangzhou Turbine Team"]
[WhiteFideId "8608288"]
[BlackFideId "4162722"]
[EventDate "2018.04.11"]

1. d4 Nf6 2. c4 e6 3. Nc3 Bb4 4. Qc2 O-O 5. e4 d5 6. e5 Ne4 7. Bd3 c5 8. Nf3
cxd4 9. Nxd4 Nd7 10. Bf4 Qh4 11. g3 Qh3 12. cxd5 exd5 13. f3 Bxc3+ 14. bxc3 Nec5
15. Bf5 Qh5 16. Bg4 Qg6 17. Bf5 Qh5 18. Bg4 Qg6 19. Bf5 Qh5 20. Bg4 1/2-1/2

[Event "TCh-CHN 2018"]
[Site "China CHN"]
[Date "2018.11.27"]
[Round "19.3"]
[Board "3"]
[White "Zhao, Yuanhe"]
[Black "Zou, Chen"]
[Result "1/2-1/2"]
[BlackTitle "FM"]
[WhiteElo "2388"]
[BlackElo "2384"]
[WhiteTeam "Chengdu Beilei Youth Chess Club"]
[BlackTeam "Hangzhou Turbine Team"]
[WhiteFideId "8609497"]
[BlackFideId "8610959"]
[EventDate "2018.04.11"]

1. d4 Nf6 2. c4 g6 3. Nc3 Bg7 4. e4 d6 5. Nf3 O-O 6. Be2 e5 7. dxe5 dxe5 8. Qxd8
Rxd8 9. Bg5 Na6 10. Nd5 Rd6 11. Bxf6 Bxf6 12. b4 c6 13. Nxf6+ Rxf6 14. a3 c5 15.
b5 Nc7 16. Nxe5 Re6 17. Nd3 Rxe4 18. Nxc5 Re5 19. Nd3 Re7 20. Kd2 Bf5 21. Rhe1
Rd8 22. Rad1 Re4 23. Kc3 Be6 24. Nc1 Rc8 25. f3 Rh4 26. g3 Rxh2 27. Kb4 Na8 28.
a4 Rh3 29. Rg1 Nb6 30. Rd4 Rh5 31. Rgd1 Rc7 32. a5 Nd7 33. Nd3 Rh2 34. Nf4 Nc5
35. b6 axb6 36. axb6 Na6+ 37. Kc3 Re7 38. R1d2 g5 39. Nd3 Kg7 40. Bd1 Rh3 41. g4
f5 42. gxf5 Bxf5 43. Rd5 Kf6 44. Rd6+ Kf7 45. Rd5 Kf6 46. Rd6+ Kf7 47. Rd5 1/2-1/2

[Event "TCh-CHN 2018"]
[Site "China CHN"]
[Date "2018.11.27"]
[Round "19.3"]
[Board "4"]
[White "Zhou, Zirun"]
[Black "Gunina, Valentina"]
[Result "0-1"]
[BlackTitle "GM"]
[WhiteElo "2152"]
[BlackElo "2497"]
[WhiteTeam "Hangzhou Turbine Team"]
[BlackTeam "Chengdu Beilei Youth Chess Club"]
[WhiteFideId "8610975"]
[BlackFideId "4167570"]
[EventDate "2018.04.11"]

1. d4 Nf6 2. c4 e6 3. Nc3 Bb4 4. e3 O-O 5. Ne2 d5 6. a3 Bd6 7. Ng3 b6 8. cxd5
exd5 9. Bd3 Re8 10. O-O Bb7 11. b4 Nbd7 12. Bb2 a6 13. Bc2 b5 14. Qf3 Nb6 15.
Rad1 Nc4 16. Bc1 Qd7 17. Nh5 Nxh5 18. Qxh5 g6 19. Qh3 Qc6 20. e4 dxe4 21. d5 Qb6
22. Nxe4 Be5 23. Nc5 Rad8 24. Nxb7 Qxb7 25. Qf3 Qb6 26. Bb3 a5 27. bxa5 Nxa5 28.
Ba2 Rd6 29. Be3 Qa6 30. g3 Nb7 31. Qe2 Rdd8 32. Bb1 Nd6 33. Bd3 Rb8 34. Rb1 Bd4
35. Rfe1 Bxe3 36. fxe3 Re5 37. Qc2 Qa7 38. Kg2 Rxd5 39. e4 Re5 40. a4 b4 41. Qb2
Ra5 42. e5 Rxa4 43. Re2 Nb5 44. Bxb5 Rxb5 45. Rd1 Qa8+ 46. Kg1 Rd5 47. Rc1 Rd3
48. Qc2 Rc3 0-1

[Event "TCh-CHN 2018"]
[Site "China CHN"]
[Date "2018.11.27"]
[Round "19.3"]
[Board "5"]
[White "Zhao, Shengxin"]
[Black "Ren, Xiaoyi"]
[Result "1/2-1/2"]
[WhiteTitle "WFM"]
[WhiteElo "2133"]
[BlackElo "2256"]
[WhiteTeam "Hangzhou Turbine Team"]
[BlackTeam "Chengdu Beilei Youth Chess Club"]
[WhiteFideId "8608040"]
[BlackFideId "8608709"]
[EventDate "2018.04.11"]

1. c4 Nf6 2. Nc3 c6 3. e4 d5 4. cxd5 cxd5 5. e5 d4 6. exf6 dxc3 7. bxc3 exf6 8.
Nf3 Bd6 9. Be2 O-O 10. O-O Qc7 11. h3 Be6 12. Nd4 Nd7 13. Nb5 Qc6 14. a4 Bf4 15.
Ba3 Rfd8 16. Nd4 Qc7 17. Nxe6 fxe6 18. Qb3 Qb6 19. Qa2 Kh8 20. Rab1 Qc7 21. Qxe6
Bxd2 22. Bd6 Qxc3 23. Rxb7 Nc5 24. Bxc5 Qxc5 25. Qf7 Qf8 26. Qh5 a5 27. Rfb1
Rac8 28. Qf7 Qxf7 29. Rxf7 Rc1+ 30. Rxc1 Bxc1 1/2-1/2

[Event "TCh-CHN 2018"]
[Site "China CHN"]
[Date "2018.11.27"]
[Round "19.4"]
[Board "1"]
[White "Ma, Qun"]
[Black "Cheparinov, Ivan"]
[Result "1/2-1/2"]
[WhiteTitle "GM"]
[BlackTitle "GM"]
[WhiteElo "2620"]
[BlackElo "2711"]
[WhiteTeam "Hangzhou Bank Team"]
[BlackTeam "Shenzhen Longgang Chess association"]
[WhiteFideId "8603154"]
[BlackFideId "2905540"]
[EventDate "2018.04.11"]

1. e4 e5 2. Nf3 Nc6 3. Bb5 Nf6 4. O-O Nxe4 5. Re1 Nd6 6. Nxe5 Be7 7. Bf1 Nxe5 8.
Rxe5 O-O 9. d4 Bf6 10. Re1 Re8 11. c3 Rxe1 12. Qxe1 Ne8 13. Bf4 d5 14. Bd3 g6
15. Nd2 Ng7 16. Nf3 c6 17. Qe2 Bf5 18. Bxf5 Nxf5 19. Re1 Ng7 20. Be5 Ne6 21.
Bxf6 Qxf6 22. Qe5 Qxe5 23. Nxe5 Kg7 24. Kf1 Rd8 25. g3 Nc7 26. Nd3 Ne6 27. Ne5
Nc7 28. Nd3 Ne6 29. Ne5 Nc7 30. Nd3 Ne6 1/2-1/2

[Event "TCh-CHN 2018"]
[Site "China CHN"]
[Date "2018.11.27"]
[Round "19.4"]
[Board "2"]
[White "Bai, Jinshi"]
[Black "Zhou, Jianchao"]
[Result "1/2-1/2"]
[WhiteTitle "GM"]
[BlackTitle "GM"]
[WhiteElo "2568"]
[BlackElo "2617"]
[WhiteTeam "Hangzhou Bank Team"]
[BlackTeam "Shenzhen Longgang Chess association"]
[WhiteFideId "8602280"]
[BlackFideId "8603537"]
[EventDate "2018.04.11"]

1. d4 d5 2. c4 e6 3. Nf3 c6 4. b3 Nf6 5. e3 b6 6. Bd3 Bb7 7. O-O Be7 8. Bb2 O-O
9. Nc3 c5 10. cxd5 exd5 11. Rc1 Nbd7 12. Qe2 Re8 13. Rfd1 g6 14. Na4 Bf8 15.
dxc5 bxc5 16. Ba6 Bxa6 17. Qxa6 Re6 18. Qb7 Rb8 19. Qxa7 Ra8 20. Qb7 Rb8 21. Qa7
Ra8 22. Qb7 Rb8 23. Qa7 Ra8 1/2-1/2

[Event "TCh-CHN 2018"]
[Site "China CHN"]
[Date "2018.11.27"]
[Round "19.4"]
[Board "3"]
[White "Jakovenko, Dmitry"]
[Black "Liu, Qingnan"]
[Result "1/2-1/2"]
[WhiteTitle "GM"]
[BlackTitle "GM"]
[WhiteElo "2735"]
[BlackElo "2538"]
[WhiteTeam "Hangzhou Bank Team"]
[BlackTeam "Shenzhen Longgang Chess association"]
[WhiteFideId "4122356"]
[BlackFideId "8603294"]
[EventDate "2018.04.11"]

1. d4 Nf6 2. c4 e6 3. Nc3 d5 4. cxd5 exd5 5. Bg5 c6 6. e3 Bf5 7. Qf3 Be6 8. Bxf6
Qxf6 9. Qxf6 gxf6 10. Bd3 Nd7 11. Nge2 Nb6 12. Nf4 h5 13. h4 Bd6 14. Nce2 Nc8
15. Bc2 Ne7 16. Nd3 Bf5 17. Rc1 O-O-O 18. Nc5 Bg4 19. b4 b6 20. Nd3 Bf5 21. Nef4
Ng6 22. Nxg6 fxg6 23. Rb1 Be4 24. f3 Bxd3 25. Bxd3 f5 26. Kf2 Kd7 27. Rhc1 Rhf8
28. Rc3 Rc8 29. a4 Rc7 30. Be2 c5 31. bxc5 bxc5 32. dxc5 Bxc5 33. f4 d4 34. Rd3
Re8 35. Rbd1 Bb6 36. a5 Bxa5 37. Rxd4+ Ke6 38. Rd5 1/2-1/2

[Event "TCh-CHN 2018"]
[Site "China CHN"]
[Date "2018.11.27"]
[Round "19.4"]
[Board "4"]
[White "Zhang, Xiaowen"]
[Black "Girya, Olga"]
[Result "0-1"]
[WhiteTitle "WGM"]
[BlackTitle "WGM"]
[WhiteElo "2318"]
[BlackElo "2481"]
[WhiteTeam "Shenzhen Longgang Chess association"]
[BlackTeam "Hangzhou Bank Team"]
[WhiteFideId "8603219"]
[BlackFideId "4195752"]
[EventDate "2018.04.11"]

1. e4 c6 2. Nc3 d5 3. Nf3 Bg4 4. h3 Bxf3 5. Qxf3 Nf6 6. Be2 e6 7. O-O Bc5 8. Qg3
O-O 9. d3 Nbd7 10. Kh1 Ne8 11. f4 f5 12. Na4 Be7 13. c4 d4 14. b3 b5 15. Nb2 a5
16. exf5 exf5 17. Bf3 Rc8 18. Qe1 Nc5 19. cxb5 cxb5 20. b4 axb4 21. Qxb4 Nc7 22.
Qe1 Bf6 23. Qb4 Be7 24. Qe1 Qd7 25. Bd2 Rfe8 26. Qe5 Bf8 27. Rfe1 Rxe5 28. Rxe5
Bd6 29. Ree1 Qf7 30. Bc6 Rb8 31. Bb4 Nd5 32. Bxc5 Bxc5 33. Re5 Rd8 34. Rc1 Bf8
35. Bxb5 Qb7 36. Bc4 Qxb2 37. Rce1 Qf2 38. R1e2 Qf1+ 39. Kh2 Qxf4+ 40. g3 Qf3 0-1

[Event "TCh-CHN 2018"]
[Site "China CHN"]
[Date "2018.11.27"]
[Round "19.4"]
[Board "5"]
[White "Ushenina, Anna"]
[Black "Li, Ruofan"]
[Result "1/2-1/2"]
[WhiteTitle "GM"]
[BlackTitle "IM"]
[WhiteElo "2440"]
[BlackElo "2325"]
[WhiteTeam "Shenzhen Longgang Chess association"]
[BlackTeam "Hangzhou Bank Team"]
[WhiteFideId "14110911"]
[BlackFideId "8600643"]
[EventDate "2018.04.11"]

1. d4 d5 2. c4 e6 3. Nf3 Nf6 4. g3 Bb4+ 5. Bd2 Be7 6. Bg2 O-O 7. O-O c6 8. Qc2
b6 9. Rd1 Nbd7 10. b3 a5 11. Bc3 Bb7 12. Nbd2 Rc8 13. Rac1 Qc7 14. Bb2 c5 15.
cxd5 exd5 16. Bh3 Qb8 17. Qb1 Rcd8 18. Nf1 Rfe8 19. Ne3 Ne4 20. dxc5 Bxc5 21.
Nd4 Ndf6 22. Ng4 Nxg4 23. Bxg4 Qd6 24. Qd3 Qg6 25. Qf3 Ng5 26. Qg2 Ne4 27. Qh3
Ng5 28. Qh5 Qxh5 29. Bxh5 g6 30. Bg4 f5 31. Bf3 Nxf3+ 32. exf3 Rd7 1/2-1/2

[Event "TCh-CHN 2018"]
[Site "China CHN"]
[Date "2018.11.27"]
[Round "19.5"]
[Board "1"]
[White "Lan, Zilun"]
[Black "Yu, Yangyi"]
[Result "1/2-1/2"]
[BlackTitle "GM"]
[WhiteElo "2333"]
[BlackElo "2764"]
[WhiteTeam "Zhejiang Chess Team"]
[BlackTeam "Beijing Beiao team"]
[WhiteFideId "8604193"]
[BlackFideId "8603820"]
[EventDate "2018.04.11"]

1. d4 Nf6 2. c4 e6 3. Nf3 d5 4. Nc3 dxc4 5. e3 a6 6. Bxc4 b5 7. Bb3 Bb7 8. O-O
Nbd7 9. Qe2 c5 10. Rd1 Qb8 11. d5 c4 12. dxe6 fxe6 13. Bc2 Bd6 14. h3 O-O 15. b3
cxb3 16. axb3 Bxf3 17. Qxf3 Bh2+ 18. Kh1 Be5 19. Bb2 Qe8 20. Qe2 Rc8 21. Qd2 Nc5
22. f3 Rc6 23. b4 Nb7 24. Bb3 Nd6 25. Rac1 Nc4 26. Bxc4 Rxc4 27. Na4 Rxc1 28.
Rxc1 Bxb2 29. Nxb2 Qd8 30. Nd3 Qd6 31. e4 Rd8 32. Rd1 Nh5 33. e5 Qf8 34. Qe1 Qf5
35. Nc5 Rf8 36. Rd4 h6 37. Kg1 Qg6 1/2-1/2

[Event "TCh-CHN 2018"]
[Site "China CHN"]
[Date "2018.11.27"]
[Round "19.5"]
[Board "2"]
[White "Xu, Minghui"]
[Black "Wang, Yiye"]
[Result "0-1"]
[BlackTitle "IM"]
[WhiteElo "2313"]
[BlackElo "2437"]
[WhiteTeam "Zhejiang Chess Team"]
[BlackTeam "Beijing Beiao team"]
[WhiteFideId "8606790"]
[BlackFideId "8606021"]
[EventDate "2018.04.11"]

1. d4 Nf6 2. c4 e6 3. g3 Bb4+ 4. Bd2 a5 5. Bg2 O-O 6. Nf3 b6 7. O-O Ba6 8. a3
Be7 9. Ne5 c6 10. Qc2 d5 11. cxd5 cxd5 12. Bf4 Nfd7 13. Rc1 Nxe5 14. Bxe5 Nd7
15. Bc7 Qe8 16. Nc3 Rc8 17. Bf4 Nf6 18. Bg5 Ne4 19. Bxe7 Nxc3 20. bxc3 Qxe7 21.
e4 Bc4 22. Re1 dxe4 23. Bxe4 g6 24. a4 Qd6 25. Qb2 Rc7 26. Qa3 Rd8 27. Qxd6 Rxd6
28. Rab1 Kf8 29. Re3 Bd5 30. Bxd5 exd5 31. Rb3 Rc4 32. Ra3 Rd7 33. Re5 Rdc7 34.
Rb3 R7c6 35. Rb5 Rxc3 36. Rbxd5 Rc1+ 37. Kg2 R1c2 38. Kf1 Ra2 39. Re3 Rf6 40.
Re2 Rxa4 41. Rd8+ Kg7 42. Rd2 Ra1+ 43. Kg2 Rc1 44. d5 b5 45. d6 Rc6 46. Rd5 Rb6
47. d7 Rfd6 48. Rc5 Rb7 49. Ra8 Rdxd7 50. Rxa5 b4 51. Ra2 Rdc7 52. Rd5 Rc3 53.
Rb2 Kf6 54. Kf1 b3 55. Ke2 Re7+ 56. Kd1 Re5 57. Rd4 Rf3 58. Rb4 Rd3+ 59. Rd2 Rc3
60. Rb2 Rd5+ 61. Rd2 Ra5 62. Rb2 Rd5+ 63. Rd2 Rxd2+ 64. Kxd2 Rf3 65. Ke2 Rc3 66.
Kd2 Rc2+ 67. Ke3 b2 68. h4 Ke5 69. f3 Kd5 70. Kd3 Rf2 71. Ke3 Rg2 72. g4 Kc5 73.
Rb8 Kc4 0-1

[Event "TCh-CHN 2018"]
[Site "China CHN"]
[Date "2018.11.27"]
[Round "19.5"]
[Board "3"]
[White "Lu, Shanglei"]
[Black "Li, Chao b"]
[Result "1/2-1/2"]
[WhiteTitle "GM"]
[BlackTitle "GM"]
[WhiteElo "2636"]
[BlackElo "2703"]
[WhiteTeam "Zhejiang Chess Team"]
[BlackTeam "Beijing Beiao team"]
[WhiteFideId "8603332"]
[BlackFideId "8604436"]
[EventDate "2018.04.11"]

1. e4 e6 2. d4 d5 3. exd5 exd5 4. Nf3 Bd6 5. Bd3 Nf6 6. O-O O-O 7. Bg5 Bg4 8.
Nbd2 Nbd7 9. c3 c6 10. Qc2 Qc7 11. Bh4 Bh5 12. Rfe1 Rfe8 13. Bg3 Bg6 14. Bxd6
Qxd6 15. Bxg6 hxg6 16. g3 Rxe1+ 17. Rxe1 Re8 18. Qb1 Kf8 19. Kf1 Rxe1+ 20. Qxe1
Qe7 21. Qxe7+ Kxe7 22. Ng5 Ne8 23. h4 Nd6 24. Ke2 Nf8 25. Kd3 Ne6 26. Nxe6 Kxe6
27. Ke3 Nf5+ 28. Kf4 f6 29. Kf3 Kf7 30. Ke2 Ke6 1/2-1/2

[Event "TCh-CHN 2018"]
[Site "China CHN"]
[Date "2018.11.27"]
[Round "19.5"]
[Board "4"]
[White "Wang, Yu A."]
[Black "Zhu, Jiner"]
[Result "0-1"]
[WhiteTitle "IM"]
[BlackTitle "WIM"]
[WhiteElo "2303"]
[BlackElo "2379"]
[WhiteTeam "Beijing Beiao team"]
[BlackTeam "Zhejiang Chess Team"]
[WhiteFideId "8601097"]
[BlackFideId "8608059"]
[EventDate "2018.04.11"]

1. Nf3 Nf6 2. d4 g6 3. Bf4 Bg7 4. e3 d6 5. h3 O-O 6. Nbd2 b6 7. Be2 Bb7 8. O-O
Nbd7 9. c4 Re8 10. Bh2 e5 11. d5 c6 12. e4 Nc5 13. Qb1 a5 14. Re1 b5 15. dxc6
Bxc6 16. cxb5 Bxe4 17. Nxe4 Nfxe4 18. Bf1 d5 19. Qd1 Nxf2 20. Kxf2 Qb6 21. Kg3
Ne4+ 22. Rxe4 dxe4 23. Bc4 exf3 24. Qxf3 e4 25. Qxf7+ Kh8 26. Bg1 Qd6+ 0-1

[Event "TCh-CHN 2018"]
[Site "China CHN"]
[Date "2018.11.27"]
[Round "19.5"]
[Board "5"]
[White "Wang, Jue"]
[Black "Ding, Yixin"]
[Result "1/2-1/2"]
[WhiteTitle "WGM"]
[BlackTitle "WGM"]
[WhiteElo "2367"]
[BlackElo "2429"]
[WhiteTeam "Beijing Beiao team"]
[BlackTeam "Zhejiang Chess Team"]
[WhiteFideId "8604070"]
[BlackFideId "8602972"]
[EventDate "2018.04.11"]

1. e4 d6 2. d4 Nf6 3. Nc3 e5 4. Nf3 exd4 5. Nxd4 Be7 6. g3 d5 7. e5 Ng4 8. Bg2
Nxe5 9. Qe2 Nbc6 10. Nxc6 Nxc6 11. Nxd5 O-O 12. O-O Bd6 13. Rd1 Re8 14. Be3 Bf5
15. Qb5 Qc8 16. Qb3 Bg4 17. Rd2 Ne5 18. Bf4 Rb8 19. Bxe5 Rxe5 20. Ne3 Be6 21.
Qd3 Bc5 22. Nc4 Bxc4 23. Qxc4 Qe8 24. Rad1 Re1+ 25. Bf1 Rxd1 26. Rxd1 Bb6 27.
Bd3 g6 28. Qe4 Qxe4 29. Bxe4 Kf8 30. Kg2 Ke7 1/2-1/2

[Event "TCh-CHN 2018"]
[Site "China CHN"]
[Date "2018.11.27"]
[Round "19.6"]
[Board "1"]
[White "Wang, Yue"]
[Black "Maghsoodloo, Parham"]
[Result "1/2-1/2"]
[WhiteTitle "GM"]
[BlackTitle "GM"]
[WhiteElo "2683"]
[BlackElo "2689"]
[WhiteTeam "Tianjin Team"]
[BlackTeam "Hebei sports lottery chess team"]
[WhiteFideId "8601429"]
[BlackFideId "12539929"]
[EventDate "2018.04.11"]

1. Nf3 Nf6 2. c4 e6 3. g3 a6 4. Nc3 d5 5. d4 dxc4 6. Bg2 Nc6 7. O-O Rb8 8. e4
Be7 9. d5 Nb4 10. Ne5 exd5 11. exd5 Bf5 12. a3 Nd3 13. Nxc4 Nxc1 14. Rxc1 O-O
15. Re1 Ne8 16. Ne4 Bxe4 17. Bxe4 Nd6 18. Bd3 Nxc4 19. Rxc4 g6 20. Qf3 Bd6 21.
h4 Qd7 22. Rce4 Rbe8 23. Kg2 Rxe4 24. Qxe4 Qd8 25. Qf3 Re8 26. Rxe8+ Qxe8 27.
Qe4 Qxe4+ 28. Bxe4 h5 29. Kf3 Kg7 30. Ke2 Kf6 1/2-1/2

[Event "TCh-CHN 2018"]
[Site "China CHN"]
[Date "2018.11.27"]
[Round "19.6"]
[Board "2"]
[White "Li, Yankai"]
[Black "Wan, Yunguo"]
[Result "0-1"]
[BlackTitle "GM"]
[WhiteElo "2427"]
[BlackElo "2529"]
[WhiteTeam "Tianjin Team"]
[BlackTeam "Hebei sports lottery chess team"]
[WhiteFideId "8609357"]
[BlackFideId "8603189"]
[EventDate "2018.04.11"]

1. d4 Nf6 2. c4 g6 3. Nc3 d5 4. Bg5 Bg7 5. Bxf6 Bxf6 6. cxd5 c5 7. dxc5 Nd7 8.
c6 Nc5 9. Rc1 Qb6 10. Nf3 O-O 11. e3 Rd8 12. c7 Qxc7 13. Be2 Qb6 14. Qd2 Bf5 15.
b3 Bxc3 16. Qxc3 Rac8 17. O-O Nd3 18. Qxc8 Rxc8 19. Rxc8+ Bxc8 20. Bxd3 Qc5 21.
e4 Qc3 22. Rd1 Bg4 23. Kf1 Qb2 24. Bb1 Kg7 25. h3 Bxf3 26. gxf3 g5 27. Re1 Qd2 0-1

[Event "TCh-CHN 2018"]
[Site "China CHN"]
[Date "2018.11.27"]
[Round "19.6"]
[Board "3"]
[White "Dai, Changren"]
[Black "Zhang, Ziji"]
[Result "1-0"]
[WhiteTitle "IM"]
[WhiteElo "2464"]
[BlackElo "2393"]
[WhiteTeam "Tianjin Team"]
[BlackTeam "Hebei sports lottery chess team"]
[WhiteFideId "8608156"]
[BlackFideId "8609470"]
[EventDate "2018.04.11"]

1. e4 e5 2. Nf3 Nc6 3. Bc4 Bc5 4. c3 Nf6 5. d3 O-O 6. O-O d5 7. exd5 Nxd5 8. Re1
Bg4 9. Nbd2 Nb6 10. Bb5 Bd6 11. Ne4 f5 12. Neg5 Qf6 13. d4 Bxf3 14. Qxf3 h6 15.
Bxc6 bxc6 16. dxe5 Bxe5 17. Nh3 g5 18. Qh5 Rae8 19. Be3 f4 20. Bc5 Rf7 21. f3
Nd7 22. Nf2 Qg7 23. Ng4 Re6 24. Rad1 Kh7 25. Bxa7 Rfe7 26. Nxe5 Rxe5 27. Rxe5
Qxe5 28. Bf2 Qb5 29. Qh3 Nf8 30. Qc8 Ng6 31. Re1 Qxb2 32. Rxe7+ Nxe7 33. Qe6
Qc1+ 34. Qe1 Qxe1+ 35. Bxe1 c5 36. c4 Nc6 37. a4 Nb8 38. h4 Kg6 39. Kh2 Kh5 40.
Kh3 Na6 41. a5 Nb8 42. Bc3 Na6 43. Bf6 Kg6 44. Bd8 Kh5 45. Be7 c6 46. Bd6 Kg6
47. Kg4 h5+ 48. Kh3 1-0

[Event "TCh-CHN 2018"]
[Site "China CHN"]
[Date "2018.11.27"]
[Round "19.6"]
[Board "4"]
[White "Khademalsharieh, Sarasadat"]
[Black "Xiao, Yiyi"]
[Result "1/2-1/2"]
[WhiteTitle "IM"]
[BlackTitle "WFM"]
[WhiteElo "2448"]
[BlackElo "2295"]
[WhiteTeam "Hebei sports lottery chess team"]
[BlackTeam "Tianjin Team"]
[WhiteFideId "12512214"]
[BlackFideId "8606161"]
[EventDate "2018.04.11"]

1. d4 Nf6 2. c4 e6 3. Nf3 d5 4. Nc3 Be7 5. Bf4 O-O 6. e3 c5 7. dxc5 Bxc5 8. a3
Nc6 9. Qc2 Qa5 10. Rd1 Re8 11. Nd2 e5 12. Bg5 Nd4 13. Qa4 Qxa4 14. Nxa4 Nc2+ 15.
Ke2 Nd4+ 16. Ke1 Nc2+ 17. Ke2 Nd4+ 1/2-1/2

[Event "TCh-CHN 2018"]
[Site "China CHN"]
[Date "2018.11.28"]
[Round "20.1"]
[Board "1"]
[White "Li, Shilong"]
[Black "Li, Yankai"]
[Result "0-1"]
[WhiteTitle "GM"]
[WhiteElo "2498"]
[BlackElo "2427"]
[WhiteTeam "Guangdong Ding Xin High Tech Team"]
[BlackTeam "Tianjin Team"]
[WhiteFideId "8600678"]
[BlackFideId "8609357"]
[EventDate "2018.04.11"]

1. Nf3 Nf6 2. g3 d5 3. Bg2 e6 4. d4 Be7 5. c4 O-O 6. O-O dxc4 7. Qa4 a6 8. Qxc4
b5 9. Qc2 Bb7 10. Bd2 Be4 11. Qc1 Nbd7 12. Ba5 Rc8 13. Nbd2 Bb7 14. Qc2 Qe8 15.
b4 Nb8 16. Ne5 Bxg2 17. Kxg2 Bd6 18. Rac1 h6 19. Nd3 e5 20. e4 Nfd7 21. dxe5
Bxe5 22. Nf3 Bd6 23. Rfe1 c5 24. e5 Be7 25. e6 fxe6 26. Rxe6 Qf7 27. Nf4 Bg5 28.
Qe4 Bxf4 29. gxf4 Qxf4 30. Qxf4 Rxf4 31. bxc5 Rxc5 32. Re8+ Kf7 33. Rxc5 Kxe8
34. Rc8+ Ke7 35. a3 Rc4 36. Rxc4 bxc4 37. Nd4 Ne5 38. Bb4+ Kf7 39. Nf5 Nbc6 40.
Bc3 Ke6 41. Nxg7+ Kd5 42. f4 Nf7 43. Kf3 Nd4+ 44. Ke3 Nc2+ 45. Kf3 Nxa3 46. Nf5
Nb5 47. Bg7 c3 48. Ne3+ Kc5 49. Ke4 Kb4 50. Kd5 Nc7+ 51. Kc6 Ne6 52. Nd5+ Kc4
53. Bxc3 Ned8+ 54. Kd7 Kxd5 55. Ke7 Ke4 56. Bd2 Kf5 57. h3 h5 58. Ke8 Ke6 59.
Bc3 Kf5 60. Bd2 Kf6 61. Be1 Kg7 62. Bc3+ Kg6 63. Kd7 Nb7 64. Kc6 Nbd6 65. Kb6
Kf5 66. Kxa6 Kxf4 67. Kb6 Kg3 68. Kc6 Kxh3 69. Kd5 Kg4 70. Bf6 h4 71. Kd4 Kf5
72. Kd3 h3 0-1

[Event "TCh-CHN 2018"]
[Site "China CHN"]
[Date "2018.11.28"]
[Round "20.1"]
[Board "2"]
[White "Xu, Yinglun"]
[Black "Wang, Yue"]
[Result "1/2-1/2"]
[WhiteTitle "GM"]
[BlackTitle "GM"]
[WhiteElo "2531"]
[BlackElo "2683"]
[WhiteTeam "Guangdong Ding Xin High Tech Team"]
[BlackTeam "Tianjin Team"]
[WhiteFideId "8604940"]
[BlackFideId "8601429"]
[EventDate "2018.04.11"]

1. d4 Nf6 2. c4 e6 3. Nf3 d5 4. Nc3 a6 5. cxd5 exd5 6. Bg5 Be6 7. e3 Nbd7 8. Bd3
h6 9. Bh4 Bd6 10. O-O c6 11. Qc2 Qb8 12. Bg3 O-O 13. Bxd6 Qxd6 14. h3 c5 15.
dxc5 Nxc5 16. Rad1 Rac8 17. Qb1 Nxd3 18. Qxd3 Qb6 19. Qb1 Rfe8 20. Rfe1 Rc4 21.
Rd4 Rec8 22. Red1 Qc7 23. Qd3 Qb6 24. Qe2 Qc7 25. Qd3 Qb6 26. Qe2 Qc7 27. Qd3 1/2-1/2

[Event "TCh-CHN 2018"]
[Site "China CHN"]
[Date "2018.11.28"]
[Round "20.1"]
[Board "3"]
[White "Liang, Jinrong"]
[Black "Dai, Changren"]
[Result "1/2-1/2"]
[WhiteTitle "GM"]
[BlackTitle "IM"]
[WhiteElo "2452"]
[BlackElo "2464"]
[WhiteTeam "Guangdong Ding Xin High Tech Team"]
[BlackTeam "Tianjin Team"]
[WhiteFideId "8600066"]
[BlackFideId "8608156"]
[EventDate "2018.04.11"]

1. e4 c5 2. Nf3 Nc6 3. d4 cxd4 4. Nxd4 Nf6 5. Nc3 d6 6. f3 e5 7. Nb3 Be7 8. Be3
O-O 9. Qd2 a5 10. Bb5 Na7 11. Be2 Be6 12. O-O Nc8 13. a4 Nb6 14. Rfd1 Nc4 15.
Bxc4 Bxc4 16. Qf2 Ra6 17. Nd2 Be6 18. Ndb1 Qc8 19. Na3 Rd8 20. Bg5 Ng4 21. fxg4
Bxg5 22. h3 Rd7 23. Nd5 Bd8 24. Kh1 Rc6 25. b3 Rc5 26. c4 Bxd5 27. exd5 Bb6 28.
Qf3 Qe8 29. Re1 Rc8 30. Nb5 Qe7 31. Re2 Rf8 32. Rf1 f6 33. Nc3 g6 34. Qg3 Qg7
35. Ne4 h6 36. Rc2 f5 37. gxf5 gxf5 38. Qxg7+ Kxg7 39. Nxd6 Rxd6 40. c5 Rg6 41.
cxb6 Rxb6 42. Rc5 Rxb3 43. Rxa5 Kf6 44. Rd1 e4 45. d6 Ke6 46. Rad5 e3 47. d7 Rd8
48. Rd6+ Ke5 49. R6d5+ Ke6 50. Rd6+ Ke5 51. R6d5+ 1/2-1/2

[Event "TCh-CHN 2018"]
[Site "China CHN"]
[Date "2018.11.28"]
[Round "20.1"]
[Board "4"]
[White "Xiao, Yiyi"]
[Black "Gong, Qianyun"]
[Result "1/2-1/2"]
[WhiteTitle "WFM"]
[BlackTitle "WGM"]
[WhiteElo "2295"]
[BlackElo "2312"]
[WhiteTeam "Tianjin Team"]
[BlackTeam "Guangdong Ding Xin High Tech Team"]
[WhiteFideId "8606161"]
[BlackFideId "8602425"]
[EventDate "2018.04.11"]

1. d4 Nf6 2. c4 e6 3. g3 d5 4. Bg2 dxc4 5. Nf3 Nc6 6. O-O Rb8 7. Nc3 b5 8. Ne5
Nxe5 9. dxe5 Nd7 10. Qc2 Bb7 11. Bxb7 Rxb7 12. Rd1 Qc8 13. Be3 Be7 14. a4 c6 15.
axb5 cxb5 16. Rxa7 O-O 17. Nxb5 Nxe5 18. Nd6 Bxd6 19. Rxb7 Qxb7 20. Rxd6 h6 21.
Bd4 Ng6 22. Bc3 Ra8 23. Qd1 Qe4 24. Rd8+ Rxd8 25. Qxd8+ Kh7 26. Qd4 Qxd4 27.
Bxd4 f5 28. Kf1 Kg8 29. h4 h5 30. e4 Kf7 31. Ke2 e5 32. Bc5 Ke6 33. Ke3 Nh8 34.
Bb4 Nf7 35. f3 g6 36. f4 Nd6 37. Bxd6 1/2-1/2